| 000 | 00459nam a22001577a 4500 | ||
|---|---|---|---|
| 005 | 20240816140318.0 | ||
| 008 | 240816b |||||||| |||| 00| 0 eng d | ||
| 041 | _aEnglish | ||
| 082 | _a349 LAW | ||
| 100 | _lEnglish | ||
| 245 | _aThe Law Reports: Probate Division | ||
| 260 |
_aLondon: _bWilliam Clowes and Sons Ltd, _c1924 |
||
| 300 |
_bxviii, 267 pages; _c27 cm. |
||
| 650 |
_aLegal practice _bLaw |
||
| 942 |
_cBK _6ALISON_BN_VRIES |
||
| 999 |
_c2662 _d2662 |
||